000 00728nam a22002057a 4500
003 OSt
005 20250820081541.0
008 250820b |||||||| |||| 00| 0 eng d
020 _a0-7432-5133-4
040 _aDWC-Main Lib
_cOC
082 _aCirc. 303.6 R435s 2003
100 _aRessa, Maria A.
245 _aSeeds of terror :
_ban eyewitness account of al-qaeda's newest center of operations in Southeast Asia/
_cMaria A. Ressa
260 _aNew York :
_bFree Press ,
_cc2003.
300 _axvi, 254 pages :
_billustrations ;
_c24cm.
504 _aIncludes bibliographical references and index.
650 _a1. Qaeda (Organization).
650 _a2. Terrorism --- Asia Southeastern.
942 _2ddc
_cBK-CIRC
_kCirc.
_n0
999 _c4118
_d4118